| 000 | 00538nam a2200169Ia 4500 | ||
|---|---|---|---|
| 008 | 090201s9999 xx 000 0 und d | ||
| 010 | _aKPL-25099 | ||
| 040 | _bमराठी | ||
| 041 | _aमराठी | ||
| 082 |
_a45985 _b25099 |
||
| 100 | _aप्रभाकर अत्रे | ||
| 245 |
_aकाश्मीरी शाल _cप्रभाकर अत्रे |
||
| 260 |
_c2005 _bपराग प्रकाशन |
||
| 300 |
_a200 _bमोठा |
||
| 600 | _aकाश्मीरी शाल | ||
| 942 | _cBOOK | ||
| 999 |
_c242875 _d242875 |
||